Normal view
MARC view
- Proctor, Thomas.E Gosse, Jonathan.F
Entry Personal Name
001 - CONTROL NUMBER
- control field: 77312
003 - CONTROL NUMBER IDENTIFIER
- control field: NUST
005 - DATE AND TIME OF LATEST TRANSACTION
- control field: 20210628205852.0
008 - FIXED-LENGTH DATA ELEMENTS
- fixed length control field: 210628|| aca||aabn | a|a d
040 ## - CATALOGING SOURCE
- Original cataloging agency: NUST
- Transcribing agency: NUST
100 ## - HEADING--PERSONAL NAME
- Personal name: Proctor, Thomas.E Gosse, Jonathan.F
670 ## - SOURCE DATA FOUND
- Source citation: Work cat.: (NUST): Proctor, Thomas.E Gosse, Jonathan.F, Printreading for welders, 1992
